LIBRARY & INFORMATION CENTRE, KCAET, TAVANUR

ONLINE PUBLIC ACCESS CATALOGUE (OPAC)

Normal view MARC view
  • Bainer, Roy

Entry Personal Name

Number of records used in: 1

001 - CONTROL NUMBER

  • control field: 5146

003 - CONTROL NUMBER IDENTIFIER

  • control field: OSt

005 - DATE AND TIME OF LATEST TRANSACTION

  • control field: 20220124113857.0

008 - FIXED-LENGTH DATA ELEMENTS

  • fixed length control field: 220124|| aca||aabn | a|a d

040 ## - CATALOGING SOURCE

  • Original cataloging agency: OSt
  • Transcribing agency: OSt

100 ## - HEADING--PERSONAL NAME

  • Personal name: Bainer, Roy

670 ## - SOURCE DATA FOUND

  • Source citation: Work cat.: (OSt)1819: Kepner, R.A . 1341, Principles of farm machinery / , 1978.
free website counter